<?xml version="1.0" encoding="UTF-8"?>
<record
    xmlns:xsi="http://www.w3.org/2001/XMLSchema-instance"
    xsi:schemaLocation="http://www.loc.gov/MARC21/slim http://www.loc.gov/standards/marcxml/schema/MARC21slim.xsd"
    xmlns="http://www.loc.gov/MARC21/slim">

  <leader>00769nam a22001817a 4500</leader>
  <controlfield tag="005">20250404125203.0</controlfield>
  <datafield tag="010" ind1=" " ind2=" ">
    <subfield code="a">HIN-129625</subfield>
  </datafield>
  <datafield tag="020" ind1=" " ind2=" ">
    <subfield code="c">180.00</subfield>
  </datafield>
  <datafield tag="035" ind1=" " ind2=" ">
    <subfield code="a">HN-101971</subfield>
  </datafield>
  <datafield tag="037" ind1=" " ind2=" ">
    <subfield code="b">DBAD</subfield>
  </datafield>
  <datafield tag="082" ind1=" " ind2=" ">
    <subfield code="a">302.64</subfield>
  </datafield>
  <datafield tag="100" ind1=" " ind2=" ">
    <subfield code="a">&#x936;&#x930;&#x94D;&#x92E;&#x93E;, &#x939;&#x93F;&#x924;&#x947;&#x936; &#x915;&#x941;&#x92E;&#x93E;&#x930;</subfield>
    <subfield code="9">80314</subfield>
  </datafield>
  <datafield tag="245" ind1=" " ind2=" ">
    <subfield code="a">&#x928;&#x915;&#x94D;&#x938;&#x932;&#x935;&#x93E;&#x926; /</subfield>
    <subfield code="c">&#x939;&#x93F;&#x924;&#x947;&#x936; &#x915;&#x941;&#x92E;&#x93E;&#x930; &#x936;&#x930;&#x94D;&#x92E;&#x93E;</subfield>
    <subfield code="h">&#x939;&#x93F;&#x928;&#x94D;&#x926;&#x940;</subfield>
  </datafield>
  <datafield tag="260" ind1=" " ind2=" ">
    <subfield code="a">&#x92C;&#x93F;&#x91C;&#x928;&#x94C;&#x930;</subfield>
    <subfield code="b">&#x939;&#x930;&#x93F;&#x917;&#x902;&#x917;&#x93E; &#x92A;&#x94D;&#x930;&#x915;&#x93E;&#x936;&#x928;</subfield>
    <subfield code="c">2024</subfield>
  </datafield>
  <datafield tag="270" ind1=" " ind2=" ">
    <subfield code="a">&#x917;&#x923;&#x92A;&#x924;&#x93F; &#x92D;&#x935;&#x928;, &#x938;&#x93F;&#x935;&#x93F;&#x932; &#x932;&#x93E;&#x907;&#x928;&#x94D;&#x938; , &#x92C;&#x93F;&#x91C;&#x928;&#x94C;&#x930;</subfield>
    <subfield code="b">&#x909;&#x924;&#x94D;&#x924;&#x930;&#x92A;&#x94D;&#x930;&#x926;&#x947;&#x936;</subfield>
    <subfield code="e">246701</subfield>
  </datafield>
  <datafield tag="300" ind1=" " ind2=" ">
    <subfield code="a">92&#x92A;&#x943;.</subfield>
    <subfield code="c">22&#x938;&#x947;&#x92E;&#x940; (&#x905;&#x91C;&#x93F;&#x932;&#x94D;&#x926; )</subfield>
  </datafield>
  <datafield tag="942" ind1=" " ind2=" ">
    <subfield code="2">ddc</subfield>
    <subfield code="c">HN</subfield>
    <subfield code="h">302.64</subfield>
    <subfield code="m">&#x939;&#x93F;&#x924;&#x947;&#x936;</subfield>
    <subfield code="e">&#x92A;&#x94D;&#x930;&#x925;&#x92E;</subfield>
  </datafield>
  <datafield tag="999" ind1=" " ind2=" ">
    <subfield code="c">210812</subfield>
    <subfield code="d">210812</subfield>
  </datafield>
  <datafield tag="952" ind1=" " ind2=" ">
    <subfield code="0">0</subfield>
    <subfield code="1">0</subfield>
    <subfield code="4">0</subfield>
    <subfield code="7">0</subfield>
    <subfield code="8">FIC</subfield>
    <subfield code="a">BL1</subfield>
    <subfield code="b">BL1</subfield>
    <subfield code="d">2025-04-04</subfield>
    <subfield code="e">DBAD</subfield>
    <subfield code="g">180.00</subfield>
    <subfield code="l">0</subfield>
    <subfield code="o">302.64 &#x939;&#x93F;&#x924;&#x947;&#x936;</subfield>
    <subfield code="p">HN-101971</subfield>
    <subfield code="r">2025-04-04 00:00:00</subfield>
    <subfield code="t">1</subfield>
    <subfield code="v">180.00</subfield>
    <subfield code="w">2025-04-04</subfield>
    <subfield code="y">HN</subfield>
  </datafield>
</record>
